Cien desnudos femeninos (Record no. 44215)

MARC details
000 -LEADER
campo de control de longitud fija 00914nam a2200253 i 4500
001 - NÚMERO DE CONTROL
campo de control 44215
003 - IDENTIFICADOR DE NÚMERO DE CONTROL
campo de control ES-MaACL
005 - FECHA Y HORA DE LA ÚLTIMA TRANSACCIÓN
campo de control 20250710130405.0
007 - CAMPO FIJO DE DESCRIPCIÓN FÍSICA--INFORMACIÓN GENERAL
campo de control de longitud fija t|
008 - DATOS DE LONGITUD FIJA--INFORMACIÓN GENERAL
campo de control de longitud fija 030320n1931 sp ||||1| spa d
245 00 - MENCIÓN DEL TÍTULO
Título Cien desnudos femeninos
Resto del título : museos y colecciones particulares de Madrid.
260 ## - PUBLICACIÓN, DISTRIBUCIÓN, ETC.
Lugar de publicación, distribución, etc. Madrid :
Nombre del editor, distribuidor, etc. Editorial Ibero-Africano-Americana,
Fecha de publicación, distribución, etc. [ca. 1931]
300 ## - DESCRIPCIÓN FÍSICA
Extensión 1 v. :
Otras características físicas [1] p., [51] h. de lám. ;
Dimensiones 25 cm.
490 1# - MENCIÓN DE SERIE
Mención de serie Arte
505 8# - NOTA DE CONTENIDO CON FORMATO
Nota de contenido con formato Contiene: v. 1
530 ## - NOTA DISPONIBLE DE FORMULARIO FÍSICO ADICIONAL
Nota de formato físico adicional disponible Disponible en formato digital.
596 ## - NOTA AL PIE DE IMPRENTA
NOTA AL PIE DE IMPRENTA Fecha aproximada, basada en sello de ingreso.
650 #4 - PUNTO DE ACCESO ADICIONAL DE MATERIA--TÉRMINO DE MATERIA
Término de materia o nombre geográfico como elemento de entrada Desnudo-
Subdivisión general En el arte.
9 (RLIN) 11837
830 0# - PUNTO DE ACCESO ADICIONAL DE SERIE-TÍTULO UNIFORME
Título uniforme Arte
9 (RLIN) 178358
852 ## - LOCALIZACIÓN
Ubicación ES-MaACL
Número de control de estantería B-13572
Ubicación en estantería Sala Pardo Bazán
856 4# - LOCALIZACIÓN Y ACCESO ELECTRÓNICOS
Identificador Uniforme de Recursos <a href="https://ccpbe.cultura.gob.es/CCPBOPAC/cgi-ccpbopac/abnetop?ACC=DOSEARCH&xsqf99=CCPB000607274-7">https://ccpbe.cultura.gob.es/CCPBOPAC/cgi-ccpbopac/abnetop?ACC=DOSEARCH&xsqf99=CCPB000607274-7</a>
Texto de enlace Biblioteca Virtual del Patrimonio Bibliográfico
942 ## - ELEMENTOS DE ENTRADA SECUNDARIOS (KOHA)
Fuente del sistema de clasificación o colocación Clasificación decimal universal
Holdings
Estatus retirado Estado de pérdida Estado de daño No para préstamo Colección Biblioteca de origen Biblioteca actual Ubicación en estantería Fecha de adquisición Fuente de adquisición Total de préstamos Signatura topográfica completa Código de barras Visto por última vez Precio de reemplazo Tipo de ítem Koha
        Colección digital Biblioteca del Ateneo de Madrid Biblioteca del Ateneo de Madrid Sala Pardo Bazán 17/01/2008     B-13572 1046534 23/02/2023 23/02/2023 Libro impreso